Kompozitné materiály s magnetickými vlastnosťami : Diplomová práca

Gespeichert in:
Bibliographische Detailangaben
1. Verfasser: Kováčová, Janka (Verfasst von)
Weitere Verfasser: Hudec, Ivan, 1954- (xxx)
Format: Manuskript Buch
Sprache:Slowakisch
Veröffentlicht: Trnava : STU v Bratislave MtF KMI, 2000
Schlagworte:
Tags: Tag hinzufügen
Keine Tags, Fügen Sie das erste Tag hinzu!

MARC

LEADER 00000ntm a22000003a 4500
001 stu85616
005 20160719154722.3
008 040405s2000----xo------------------slo-d
040 |a STU  |b slo 
041 0 |a slo 
044 |a xo 
100 1 |a Kováčová, Janka  |4 aut 
245 1 |a Kompozitné materiály s magnetickými vlastnosťami :  |b Diplomová práca 
260 |a Trnava :  |b STU v Bratislave MtF KMI,  |c 2000 
300 |a 78 s 
650 7 |a materiálové inžinierstvo  |2 stusub 
650 7 |a spracovanie a aplikácia plastov  |2 stusub 
700 1 |a Hudec, Ivan,  |d 1954-  |4 xxx  |u C9370  |U FCHPT Ústav prírodných a syntetických polymérov  |T FCHPT Oddelenie plastov a kaučuku  |X 3303  |U C9370  |Y 128  |7 A000003303